000
00317nam a2200121Ia 4500
100
_a
Weidlich/ E.
942
_c
BK
654
_a
Operating characteristics
245
_a
Constructional features & operating characteristics of Fuel cells
260
_b
Wiley eastern
_a
New Delhi
_c
1991
546
_a
ENGLISH
999
_c
35382
_d
35382